Statistics for NBA Players of the Week

Click here to take the quiz!

General Stats

  • This quiz has been taken 25 times
  • The average score is 36 of 44

Answer Stats

Week of Conference Player % Correct
Oct 31EastLeBron James
100%
WestJames Harden
100%
WestStephen Curry
100%
WestKevin Durant
100%
WestRussell Westbrook
100%
Dec 26EastIsaiah Thomas
87%
WestDamian Lillard
87%
WestKawhi Leonard
87%
Nov 14EastDeMar DeRozan
83%
WestBlake Griffin
83%
Jan 2EastJohn Wall
78%
Nov 21EastJimmy Butler
78%
WestAnthony Davis
74%
WestDeMarcus Cousins
74%
WestKarl-Anthony Towns
74%
Apr 10EastPaul George
74%
WestMarc Gasol
70%
Dec 5EastGiannis Antetokounmpo
70%
Nov 28EastKevin Love
70%
Jan 23EastJoel Embiid
65%
WestGordon Hayward
61%
Mar 20EastHassan Whiteside
57%
Mar 6EastKemba Walker
52%
WestGeorge Hill
26%
Jan 30EastDion Waiters
22%

Score Distribution

Percentile by Number Answered

Percent of People with Each Score

Your Score History

You have not taken this quiz